000 00437nam a2200193Ia 4500
005 20250603144917.0
008 250603s9999 xx 000 0 und d
020 _a9780321912251
050 _aQA154.3. M37/
100 _aMargaret L. Lial
245 0 _aEssentials of college algebra
250 _a11th ed.
260 _aNew york
260 _bpearson
260 _c2015
300 _a582 p
650 _aNew york
942 _cBK
999 _c40314
_d40314